| 000 | 00892nam a2200205 i 4500 | ||
|---|---|---|---|
| 001 | 103809 | ||
| 003 | ES-MaACL | ||
| 005 | 20230906183441.0 | ||
| 007 | t| | ||
| 008 | 051118s1949 cu ||||1| spa d | ||
| 100 | 1 |
_aMesa Rodríguez, Manuel I. _980641 |
|
| 245 | 1 | 0 |
_aDiscursos leídos en la recepción pública del Prof. Manuel I. Mesa Rodríguez el día 11 de marzo de 1949 _b: contesta en nombre de la Corporación el Dr. José Manuel Pérez Cabrera... / _cManuel I. Mesa Rodríguez. |
| 260 |
_aLa Habana : _b[s.n.], _c1949 ( _fImp. El Siglo XX) |
||
| 300 |
_a46 p. ; _c25 cm. |
||
| 500 | _a[Rectificaciones históricas en torno a José Isidoro de Armenteros y Muñoz] | ||
| 500 | _aPrecede al tít.: Academia de la Historia de Cuba. | ||
| 700 | 1 |
_aPérez Cabrera, José Manuel. _990691 |
|
| 710 | 2 |
_aAcademia de la Historia de Cuba. _91183 |
|
| 852 |
_aES-MaACL _j1895-F-9 _bR.26913 |
||
| 999 |
_c103809 _d103809 |
||